书目信息 |
| 题名: |
高校移动学习平台的设计
|
|
| 作者: | 罗桂琼, 著 | |
| 分册: | ||
| 出版信息: | 长春 吉林美术出版社 2018 |
|
| 页数: | 281页 | |
| 开本: | 21cm | |
| 丛书名: | ||
| 单 册: | ||
| 中图分类: | G434 , G642.0 | |
| 科图分类: | ||
| 主题词: | 高等学校--gao deng xue xiao--网络教学--教学设计--研究 | |
| 电子资源: | ||
| ISBN: | 978-7-5575-3044-0 | |
| 000 | 01256nam0 2200289 450 | |
| 001 | 012001002562 | |
| 005 | 20130123162337.0 | |
| 010 | @a978-7-5575-3044-0@dCNY45.00 | |
| 099 | @aCAL 012018199132 | |
| 100 | @a20181226d2018 em y0chiy50 ea | |
| 101 | 0 | @achi |
| 102 | @aCN@b220000 | |
| 105 | @ay a 000yy | |
| 106 | @ar | |
| 200 | 1 | @a高校移动学习平台的设计@Agao xiao yi dong xue xi ping tai de she ji@f罗桂琼著 |
| 210 | @a长春@c吉林美术出版社@d2018 | |
| 215 | @a281页@d21cm | |
| 314 | @a罗桂琼, 女, 1970年生, 湖南邵阳市邵东县人, 中南大学计算机技术专业硕士毕业, 现任湖南广播电视大学副教授。 | |
| 320 | @a有书目 (第279-280页) | |
| 330 | @a高校校园中,搭建怎样的移动学习平台才能使学习更高效,是本文关注和讨论的内容。本文分析了移动学习的发展现状,对大学校园中移动学习平台搭建依托的关键技术-数字化校园、云计算和大数据分别进行了阐述。着重强调了移动学习平台的重要性, 在此基础上完成了移动学习平台的主要功能模块设计,为构建与高校传统课堂教学相补充相融合的移动学习平台,提供了一种解决方案。 | |
| 333 | @a教育工作者 | |
| 606 | 0 | @a高等学校@Agao deng xue xiao@x网络教学@x教学设计@x研究 |
| 690 | @aG434@v5 | |
| 690 | @aG642.0@v5 | |
| 701 | 0 | @a罗桂琼,@Aluo gui qiong@f1970-@4著 |
| 801 | 0 | @aCN@b江苏凤凰@c20191020 |
| 905 | @b1216114-8@dG434@e173@f5 | |
| 高校移动学习平台的设计/罗桂琼著.-长春:吉林美术出版社,2018 |
| 281页;21cm |
| 使用对象:教育工作者 |
| ISBN 978-7-5575-3044-0:CNY45.00 |
| 高校校园中,搭建怎样的移动学习平台才能使学习更高效,是本文关注和讨论的内容。本文分析了移动学习的发展现状,对大学校园中移动学习平台搭建依托的关键技术-数字化校园、云计算和大数据分别进行了阐述。着重强调了移动学习平台的重要性, 在此基础上完成了移动学习平台的主要功能模块设计,为构建与高校传统课堂教学相补充相融合的移动学习平台,提供了一种解决方案。 |
| ● |
| 相关链接 |
|
|
|
|
正题名:高校移动学习平台的设计
索取号:G434/173
 
预约/预借
| 序号 | 登录号 | 条形码 | 馆藏地/架位号 | 状态 | 备注 |
| 1 | 1216114 | 212161140 | 第一样本阅览室/ [索取号:G434/173] | 在馆 | |
| 2 | 1216115 | 212161159 | 教育系资料室/ [索取号:G434/173] | 在馆 | |
| 3 | 1216116 | 212161168 | 教育系资料室/ [索取号:G434/173] | 在馆 | |
| 4 | 1216117 | 212161177 | 第四借阅区/ [索取号:G434/173] | 在馆 | |
| 5 | 1216118 | 212161186 | 第四借阅区/ [索取号:G434/173] | 在馆 |